[Event "Lingen op 4th"]
[Site "Lingen"]
[Date "2012.07.22"]
[Round "5"]
[White "Schumacher, Klaus"]
[Black "Stakhanov, Alexander"]
[Result "1-0"]
[WhiteElo "1854"]
[BlackElo "1766"]
[PlyCount "81"]
[EventDate "2012.07.20"]
[EventType "swiss"]
[EventRounds "5"]
[EventCountry "GER"]
[SourceTitle "EXT 2013"]
[Source "ChessBase"]
[SourceDate "2012.11.22"]
[SourceVersion "1"]
[SourceVersionDate "2012.11.22"]
[SourceQuality "1"]

1. c4 Nf6 2. g3 g6 3. Bg2 c6 4. Nc3 Bg7 5. Nf3 0-0 6. 0-0 d5 7. cxd5 cxd5 8. d4 Nc6 9. a3 Qb6 10. Na4 Qd8 11. Bd2 Ne4 12. Be3 b5 13. Rc1 Bb7 14. Nc5 Nxc5 15. Rxc5 a6 16. b4 e6 17. Qc1 Rc8 18. Bh6 Bxh6 19. Qxh6 Qf6 20. e3 Rfd8 21. Rfc1 Qg7 22. Qxg7+ Kxg7 23. Ne5 Nxe5 24. Rxc8 Rxc8 25. Rxc8 Bxc8 26. dxe5 f6 27. exf6+ Kxf6 28. Kf1 Ke5 29. Ke2 Kd6 30. Bh3 Bd7 31. f4 Bc6 32. Kd3 Bb7 33. Kd4 Ba8 34. Bg2 Bb7 35. e4 Ba8 36. exd5 exd5 37. Bh3 Bc6 38. Bc8 Kc7 39. Be6 Kd6 40. Bg8 h6 41. h4 1-0

[Event "Lingen op 4th"]
[Site "Lingen"]
[Date "2012.07.21"]
[Round "3"]
[White "Speck, Stefan"]
[Black "Stakhanov, Alexander"]
[Result "1-0"]
[WhiteElo "2000"]
[BlackElo "1766"]
[PlyCount "57"]
[EventDate "2012.07.20"]
[EventType "swiss"]
[EventRounds "5"]
[EventCountry "GER"]
[SourceTitle "EXT 2013"]
[Source "ChessBase"]
[SourceDate "2012.11.22"]
[SourceVersion "1"]
[SourceVersionDate "2012.11.22"]
[SourceQuality "1"]

1. d4 Nf6 2. c4 c5 3. d5 b5 4. a4 bxc4 5. Nc3 g6 6. e4 d6 7. Bxc4 a5 8. Qe2 Nfd7 9. f4 Bg7 10. Nf3 0-0 11. 0-0 Nb6 12. Bb5 Bb7 13. Be3 Na6 14. Rad1 Nb4 15. Qf2 Rc8 16. Qh4 e6 17. dxe6 fxe6 18. Qxd8 Rfxd8 19. Ng5 Bc6 20. Nxe6 Rd7 21. Nxg7 Kxg7 22. b3 Re8 23. Rf2 Bxb5 24. axb5 Ra8 25. Rfd2 Rad8 26. Na4 Nxa4 27. bxa4 c4 28. Bb6 c3 29. Bd4+ 1-0